Kleine Schriften zur Geschichte der antiken Philosophie. : (Reprografischer Nachdruck) /

Bibliographic Details
Main Author: Diels, Hermann, 1848-1922
Other Authors: Berkert, Walter, 1931-
Format: Book
Language:German
Published: Darmstadt : Wissenchaftliche Buchgesellschaft, 1969.
Subjects:

MARC

Tag First Indicator Second Indicator Subfields
LEADER 00000cam a2200000 4500
001 in00000504331
005 20151013063157.0
008 750603s1969 gw b 00000 ger
010 |a  70448301  
035 |a (OCoLC)01368930 
035 |9 ACD4255AM 
040 |a DLC  |c GUA  |d TXA  |d UtOrBLW 
049 |a TXAM  |c [1552582] 
050 0 0 |a B173  |b .D5 1969b 
100 1 |a Diels, Hermann,  |d 1848-1922. 
245 1 0 |a Kleine Schriften zur Geschichte der antiken Philosophie. :  |b (Reprografischer Nachdruck) /  |c Hrsg. von Walter Burkert. 
264 1 |a Darmstadt :  |b Wissenchaftliche Buchgesellschaft,  |c 1969. 
300 |a xxvi, 467 pages ;  |c 25 cm. 
336 |a text  |b txt  |2 rdacontent 
337 |a unmediated  |b n  |2 rdamedia 
338 |a volume  |b nc  |2 rdacarrier 
504 |a Includes bibliographical references. 
650 0 |a Philosophy, Ancient. 
700 1 |a Berkert, Walter,  |d 1931- 
999 |a MARS 
999 f f |s 5dcc44d1-d2a4-32af-8309-892d8f594a17  |i 66e93eea-9e73-3212-80e7-91c3f5ec2bc6  |t 0 
952 f f |p ric  |a Texas A&M University  |b Rellis Campus  |c Joint Library Facility  |d Remote Storage  |t 0  |e B173 .D5 1969b  |h Library of Congress classification  |i unmediated -- volume  |m A14801590796 
998 f f |a B173 .D5 1969b  |t 0  |l Remote Storage